Míľniky svetového džezu 1. časť

Bibliographic Details
Main Author: Drastich, Miloš, 1951-2017 (Author)
Format: Article
Language:Slovak
ISSN:1210-2210
Subjects:

MARC

LEADER 00000nab a2200000 a 4500
001 vtls009307634
003 SK-MaSNL
005 20260304151645.0
008 250506c2008 xo |r|p|||||||000 b|slo
015 |a SNBRB2008/06  |2 snkbucl 
035 |a (uuid)b285ae74-39ee-4613-b69e-7b6d2d7eb922 
035 |a urn:nbn:sk:snk-abc3z1 
035 |a (urnnbn)urn:nbn:sk:snk:ar-006f8g 
038 |a SNKBUCL 
040 |a SNKBUCL  |b slo  |c SNKBUCL  |e AACR2 
041 0 |a slo 
044 |a xo  |c SK 
080 |a 78.036  |x (091)  |2 2001 
100 1 |a Drastich, Miloš,  |d 1951-2017  |4 aut  |9 234069 
245 1 0 |a Míľniky svetového džezu  |n 1. časť  |c Miloš Drastich 
504 |a Článok obsahuje vybrané diskografie 
650 0 7 |a džez  |2 SNKPH  |9 3178 
650 0 7 |a dejiny hudby  |2 SNKPH  |9 3387 
773 0 |t Dotyky  |g Roč. XX, č. 1 (2008), s. 53-59  |x 1210-2210 
850 |a Slovenská národná knižnica 
852 |a Slovenská národná knižnica 
958 |a article15 
958 |a OND 
958 |a EUIPO 
999 |c 2945075  |d 2947005